00409nam a2200157Ia 4500003000900000008004100009040001600050080001500066100001200081245003300093260003200126300001500158490003400173650002000207650002400227IN-BaIIA211028s9999 xx 000 0 eng d cIIA Library a530.1bREI aReif, F 0aStatistical physicscF. Reif aNew YorkbMcGraw-Hillc1967 axxi, 398p. aBerkeley physics course; v. 5 aApplied Physics aStatistical physics